<?xml version="1.0" encoding="UTF-8"?>
<record
    xmlns:xsi="http://www.w3.org/2001/XMLSchema-instance"
    xsi:schemaLocation="http://www.loc.gov/MARC21/slim http://www.loc.gov/standards/marcxml/schema/MARC21slim.xsd"
    xmlns="http://www.loc.gov/MARC21/slim">

  <leader>00912nam a22001577a 4500</leader>
  <controlfield tag="008">181025b        xxu||||| |||| 00| 0 eng d</controlfield>
  <datafield tag="020" ind1=" " ind2=" ">
    <subfield code="a">0471457221</subfield>
  </datafield>
  <datafield tag="050" ind1=" " ind2=" ">
    <subfield code="a">TD194.6.L39</subfield>
  </datafield>
  <datafield tag="100" ind1=" " ind2=" ">
    <subfield code="a">Lawrence, David, P.</subfield>
  </datafield>
  <datafield tag="245" ind1=" " ind2=" ">
    <subfield code="a">Environmental impact assessment: practical solutions to recurrent problems. /</subfield>
    <subfield code="c">David P. Lawrence.</subfield>
  </datafield>
  <datafield tag="260" ind1=" " ind2=" ">
    <subfield code="a">New Jersey :</subfield>
    <subfield code="b">John Wiley and Sons, Inc./ Wiley-Interscience,</subfield>
    <subfield code="c">2003.</subfield>
  </datafield>
  <datafield tag="300" ind1=" " ind2=" ">
    <subfield code="a">xiii, 562 p. :</subfield>
    <subfield code="b">ill. ;</subfield>
    <subfield code="c">24 cm.</subfield>
  </datafield>
  <datafield tag="500" ind1=" " ind2=" ">
    <subfield code="a">Includes references and index.</subfield>
  </datafield>
  <datafield tag="505" ind1=" " ind2=" ">
    <subfield code="a"> Contents:Introduction -- Conventional EIA processes -- How to Make EIAs more rigorous -- How to Make EIAs more rational --   How to Make EIAs more substantive -- How to Make EIAs more practical -- How to Make EIAs more democratic -- How to Make EIAs more collaborative --How to Make EIAs more ethical -- How to Make EIAs more adaptive -- How to connect and combine EIA processes. </subfield>
  </datafield>
  <datafield tag="942" ind1=" " ind2=" ">
    <subfield code="2">lcc</subfield>
    <subfield code="c">BK</subfield>
  </datafield>
  <datafield tag="999" ind1=" " ind2=" ">
    <subfield code="c">6745</subfield>
    <subfield code="d">14245</subfield>
  </datafield>
  <datafield tag="952" ind1=" " ind2=" ">
    <subfield code="0">0</subfield>
    <subfield code="1">0</subfield>
    <subfield code="2">lcc</subfield>
    <subfield code="4">0</subfield>
    <subfield code="7">0</subfield>
    <subfield code="a">WIUC-1</subfield>
    <subfield code="b">WIUC-1</subfield>
    <subfield code="c">SPECIAL REF</subfield>
    <subfield code="d">2018-10-25</subfield>
    <subfield code="l">0</subfield>
    <subfield code="o">TD194.6.L39</subfield>
    <subfield code="p">7396/425/13</subfield>
    <subfield code="r">2018-10-25 00:00:00</subfield>
    <subfield code="t">1</subfield>
    <subfield code="w">2018-10-25</subfield>
    <subfield code="y">BK</subfield>
  </datafield>
</record>
